000 00507nam a2200193Ia 4500
005 20250109054451.0
008 240331s9999 xx 000 0 und d
020 _a1842770276
082 _bDUR
_25452
_a305.3
245 0 _aGendering the Spirit:
_bWomen, Religion & the Post-Colonial Response
260 _aLondon
_aNew York
_bZed Books Ltd
_c2002
300 _axi, 244 p.,
650 _aGender
650 _aReligion
650 _aWomen
650 _aViolence
700 _aAhmed, D. S
_eedt
942 _cL
999 _c2885
_d2885